|
|
|
|
| LEADER |
00000cam a2200000 7i4500 |
| 001 |
0000085709 |
| 005 |
20201104.0 |
| 008 |
201017 |
| 020 |
|
|
|a 9789672028208
|
| 041 |
0 |
|
|a Malay
|
| 090 |
0 |
0 |
|a 922.97
|b ZUL
|
| 100 |
0 |
|
|a Zulkifli Mohamad al-Bakri
|c Dr.
|
| 245 |
1 |
0 |
|a Biografi empat imam mazhab
|c Dr. Zulkifli Mohamad al-Bakri
|
| 260 |
|
|
|a Negeri Sembilan :
|b Pustaka Cahaya Kasturi Sdn. Bhd ,
|c 2020
|
| 300 |
|
|
|a 351 p. ;
|c 60 cm.
|
| 541 |
0 |
0 |
|c Purchased on 2020
|f 157/2020 ABR
|h RM55.00
|
| 650 |
|
0 |
|a Imams
|x Biography
|
| 650 |
|
0 |
|a Muslim scholars
|x Biography
|
| 999 |
|
|
|a 0001632744
|b Book
|c Adult Collection
|e Cawangan Pontian
|
| 999 |
|
|
|a 0001632746
|b Book
|c Adult Collection
|e Cawangan Bukit Gambir
|
| 999 |
|
|
|a 0001632747
|b Book
|c Adult Collection
|e Cawangan Bandar Tenggara
|
| 999 |
|
|
|a 0001632748
|b Book
|c Adult Collection
|e Cawangan Taman Sri Lambak
|
| 999 |
|
|
|a 0001632749
|b Book
|c Adult Collection
|e Cawangan Segamat
|
| 999 |
|
|
|a 0001632750
|b Book
|c Adult Collection
|e Cawangan Batu Pahat
|
| 999 |
|
|
|a 0001632751
|b Book
|c Adult Collection
|e Cawangan Bandar Penawar
|
| 999 |
|
|
|a 0001632752
|b Book
|c Adult Collection
|e Cawangan Muar
|
| 999 |
|
|
|a 0001632753
|b Book
|c Adult Collection
|e Cawangan Tmn. Ungku Tun Aminah
|
| 999 |
|
|
|a 0001632754
|b Book
|c Adult Collection
|e Cawangan Kota Tinggi
|
| 999 |
|
|
|a 0001632755
|b Book
|c Adult Collection
|e Cawangan Mersing
|
| 999 |
|
|
|a 0001632756
|b Book
|c Adult Collection
|e Cawangan Tangkak
|
| 999 |
|
|
|a 0001633040
|b Book
|c Adult Collection
|e Perbadanan Perpustakaan Awam Johor
|
| 999 |
|
|
|a 0001633041
|b Book
|c Adult Collection
|e Perbadanan Perpustakaan Awam Johor
|
| 999 |
|
|
|a 0001633042
|b Book
|c Adult Collection
|e Cawangan Urban Transformation Centre
|
| 999 |
|
|
|a 0001633043
|b Book
|c Adult Collection
|e Cawangan AEON Kulaijaya
|